Statistics for Federal Subjects of Russia Map Quiz

Click here to take the quiz!

General Stats

  • This quiz has been taken 2,214 times
    (2,207 since last reset)
  • The average score is 35 of 83

Answers on the Map

Answers color-coded by a green-red scale on the quiz's map according to % correct below.
 

Answer Stats

Answer% Correct
Adygea
68%
Kaliningrad Oblast
68%
Moscow
65%
Moscow Oblast
65%
Karelia
63%
Murmansk Oblast
63%
Dagestan
62%
Chechen Republic
59%
Sakhalin Oblast
58%
Leningrad Oblast
57%
Jewish Autonomous Oblast
56%
Ingushetia
54%
Kamchatka Krai
53%
Krasnoyarsk Krai
53%
Arkhangelsk Oblast
52%
Sakha Republic
52%
Krasnodar Krai
51%
Saint Petersburg
51%
Amur Oblast
50%
Buryatia
50%
Irkutsk Oblast
50%
Magadan Oblast
50%
North Ossetia-Alania
50%
Primorsky Krai
49%
Altai Republic
48%
Astrakhan Oblast
48%
Rostov Oblast
48%
Tuva Republic
48%
Altai Krai
47%
Kalmykia
47%
Komi Republic
46%
Pskov Oblast
45%
Nenets Autonomous Okrug
44%
Chukotka Autonomous Okrug
43%
Khabarovsk Krai
43%
Volgograd Oblast
43%
Yamalo-Nenets Autonomous Okrug
43%
Stavropol Krai
42%
Zabaykalsky Krai
42%
Karachay-Cherkess Republic
41%
Orenburg Oblast
41%
Bashkortostan
40%
Belgorod Oblast
39%
Chelyabinsk Oblast
39%
Kabardino-Balkar Republic
39%
Khanty\u2013Mansi Autonomous Okrug \u2013 Yugra
39%
Omsk Oblast
39%
Khakassia
38%
Novgorod Oblast
38%
Perm Krai
38%
Tatarstan
38%
Bryansk Oblast
37%
Nizhny Novgorod Oblast
37%
Smolensk Oblast
37%
Novosibirsk Oblast
36%
Kirov Oblast
35%
Kursk Oblast
35%
Kemerovo Oblast
34%
Tomsk Oblast
34%
Vologda Oblast
34%
Mari El Republic
33%
Samara Oblast
33%
Sverdlovsk Oblast
33%
Voronezh Oblast
33%
Mordovia
32%
Saratov Oblast
32%
Tyumen Oblast
32%
Chuvash Republic
31%
Tver Oblast
31%
Vladimir Oblast
31%
Yaroslavl Oblast
31%
Kurgan Oblast
30%
Udmurt Republic
30%
Ryazan Oblast
29%
Ivanovo Oblast
28%
Kostroma Oblast
28%
Kaluga Oblast
27%
Lipetsk Oblast
27%
Tula Oblast
27%
Oryol Oblast
26%
Penza Oblast
25%
Ulyanovsk Oblast
25%
Tambov Oblast
24%

Score Distribution

Percentile by Number Answered

Percent of People with Each Score

Your Score History

You have not taken this quiz since the last reset